00597nam a2200133Ia 4500008004100000100003800041245010600079245012900185260005300314260000900367300001100376650001500387856006100402170221s9999 xx 000 0 und d aYelena Vyacheslavovna Yemelyanova 4aThe Necessity of English for Specific Purposes at the Law Universities of the Republic of Kazakhstan  cYelena Vyacheslavovna Yemelyanova, Flyura Rifkhatovna Avazbakiyeva, Anar Bauyrzhanovna Ibrayeva, Aizhan Zharkynovna Aikenova bInternational Review of Management and Marketing c2016 a6 : 3S xMarketing. uhttp://www.econjournals.com/index.php/irmm/issue/view/75